Herreros y forjadores poblanos (Record no. 4330)

MARC details
000 -CABECERA
campo de control de longitud fija 00889nam a2200265 a 4500
001 - NÚMERO DE CONTROL
campo de control BRCA_4627
005 - FECHA Y HORA DE LA ÚLTIMA TRANSACCIÓN
campo de control 20190320204736.0
008 - DATOS DE LONGITUD FIJA--INFORMACIÓN GENERAL
campo de control de longitud fija 280910s1933----mx-a######---#000-0#spa-#
041 ## - CÓDIGO DE LENGUA
Código de lengua del texto/banda sonora o título independiente spa
044 ## - CÓDIGO DEL PAÍS DE LA ENTIDAD EDITORA/PRODUCTORA
Código MARC del país mx
050 #4 - SIGNATURA TOPOGRÁFICA DE LA BIBLIOTECA DEL CONGRESO
Número de clasificación NK8214
Número de documento/Ítem .C47 2 1933
100 1# - ENTRADA PRINCIPAL--NOMBRE DE PERSONA
Nombre de persona Cervantes, Enrique A.
Fechas asociadas al nombre 1935-
9 (RLIN) 11709
245 10 - MENCIÓN DE TÍTULO
Título Herreros y forjadores poblanos
Mención de responsabilidad, etc. por Enrique A. Cervantes ; dibujos y fotografías del autor ; nota preliminar de Alberto J. Pani.
260 ## - PUBLICACIÓN, DISTRIBUCIÓN, ETC.
Lugar de publicación, distribución, etc. México
Nombre del editor, distribuidor, etc. [Manuel Casas]
Fecha de publicación, distribución, etc. 1933
300 ## - DESCRIPCIÓN FÍSICA
Extensión lxx hojas sueltas
Otras características físicas il., 14 fotografías, 23 láminas
Dimensiones 29 cm.
500 ## - NOTA GENERAL
Nota general Incluye algunas obras del autor
500 ## - NOTA GENERAL
Nota general Ejemplar numerado 548 de 1,000
500 ## - NOTA GENERAL
Nota general Ejemplar igual a C173
500 ## - NOTA GENERAL
Nota general D37
650 14 - PUNTO DE ACCESO ADICIONAL DE MATERIA--TÉRMINO DE MATERIA
Término de materia o nombre geográfico como elemento de entrada Herrajes
Subdivisión geográfica Puebla (Ciudad)
9 (RLIN) 10699
650 14 - PUNTO DE ACCESO ADICIONAL DE MATERIA--TÉRMINO DE MATERIA
Término de materia o nombre geográfico como elemento de entrada Forjadores
Subdivisión geográfica Puebla (Ciudad)
9 (RLIN) 10700
700 1# - PUNTO DE ACCESO ADICIONAL--NOMBRE DE PERSONA
Nombre de persona Pani, Alberto J.
9 (RLIN) 10701
902 ## - CATALOGADOR
Iniciales GFM
942 ## - ELEMENTOS DE PUNTO DE ACCESO ADICIONAL (KOHA)
Fuente del sistema de clasificación o colocación Library of Congress Classification
Tipo de ítem Koha Libros
Holdings
Estado de retiro Estado de pérdida Estado dañado No para préstamo Localización permanente Ubicación/localización actual Fecha de adquisición Número de inventario Total de préstamos Signatura topográfica completa Código de barras Fecha visto por última vez Precio válido a partir de Tipo de ítem Koha
El ejemplar forma parte de la colección y puede ser consultado según las políticas vigentes.       Biblioteca del Museo Franz Mayer (Rogerio Casas-Alatriste) Biblioteca del Museo Franz Mayer (Rogerio Casas-Alatriste) 28/09/2010 D37   NK8214 .C47 2 1933 (D37) 4625 22/03/2019 22/03/2019 Libros